KÜÇÜK ŞEYLER 3 YAŞAMA YERLEŞMEK (Record no. 1190213)

MARC details
000 -LEADER
sabit uzunluktaki kontrol alanı 00266nam a2200097Ia 4500
001 - KONTROL NUMARASI
kontrol alanı 1190213
005 - EN SON İŞLEMİN TARİH VE ZAMANI
kontrol alanı 20250827021613.0
008 - SABİT-UZUNLUKTA VERİ ÖĞELERİ--GENEL BİLGİ
sabit uzunluktaki kontrol alanı 250824s9999 xx 000 0 und d
245 #0 - ESER / YAZAR
ESER ADI KÜÇÜK ŞEYLER 3 YAŞAMA YERLEŞMEK
Yazar Adı ÜSTÜN DÖKMEN
260 ## - YAYIN, DAĞITIM, VB.
YAYIN EVİ REMZİ KİTABEVİ
Holdings
Düşüm durumu Kayıp durumu Hasar Durumu Ödünç verilmez Ana kütüphane Geçerli Kütüphane Edinilen tarih Toplam ödünç verme sayısı Barkod Son görüntüleme tarihi Fiyatın geçerli olmaya başladığı tarih Koha materyal türü
        AHMET HAZIM ULUŞAHİN İMAM HATİP ORTAOKULU AHMET HAZIM ULUŞAHİN İMAM HATİP ORTAOKULU 24.08.2025   10994304 27.08.2025 27.08.2025 Books